| 000 | 00850nam a2200265Ia 4500 | ||
|---|---|---|---|
| 999 |
_c53748 _d53748 |
||
| 001 | 20796 | ||
| 003 | GE_BSU | ||
| 005 | 20210412125425.0 | ||
| 008 | 181216s2007||||enk|||||||||||||| ||eng|| | ||
| 020 | _a9780143038276 | ||
| 040 | _cGE_BSU | ||
| 080 | _a32 G-12 | ||
| 100 |
_aGaddis, John Lewis _911210 |
||
| 245 | 4 |
_aThe Cold War : A New History : _bIn memory of George F. Kennan / _cJohn Lewis Gaddis. |
|
| 264 |
_aLondon : _bPenguin Books, _c2007. |
||
| 300 |
_a333 p. ; _c21 cm. |
||
| 500 | _aBibl. :p. 299-314 ; Index. : p. 315-333 | ||
| 541 | _h44 Gel. | ||
| 653 | _aThe Cold War : A New History | ||
| 653 | _aПолитика | ||
| 653 | _aХолодная война : новая история | ||
| 653 | _aპოლიტიკა | ||
| 653 | _aცივი ომი : ახალი ისტორია | ||
| 942 |
_cBK _2udc |
||